000 00244nam a22001097a 4500
003 SGT
100 _aTEWARI, K. K.
245 _aELECTRICTY AND MAGNETISM
260 _aNEW DELHI
_bUNIVERSAL BOOK STALL
_c2016
300 _a644
942 _2ddc
_cFPS
_03
999 _c10077
_d10077